000 00427nam a22001817a 4500
003 MPLRDC
005 20220104144136.0
008 210129b ||||| |||| 00| 0 eng d
082 _a857.9 HY-10 v.9
100 _a黄易
245 _a边荒传说, 卷九
_c
250 _a初版
260 _a
_b黄易出版社
_c2002
300 _b
490 _a异侠系列
650 _a武侠小说
942 _cBK
_o857.9 HY-10 v.9
999 _c46779
_d46769